| 000 | 00927ntm a22002417a 4500 | ||
|---|---|---|---|
| 005 | 20170810124109.0 | ||
| 008 | 170802s2013 xx a frb 000 0 eng d | ||
| 040 |
_aEG-ScBUE _beng _cEG-ScBUE |
||
| 082 | 0 | 4 |
_222 _a624 _bHAS |
| 100 | 1 | _aHassan, Ahmed Adel Badreldin. | |
| 245 | 1 | 2 |
_aA twin tower high rise steel building design handbook / _cby Ahmed Adel Badreldin Hassan, Peter Fakhry Fouad, Ahmed Khalid Baoumi. |
| 260 | _c2013. | ||
| 300 |
_av, 67 p. : _bill. (col.) ; _c28 cm. |
||
| 500 | _aDesign project submitted to the faculty of engineering, the British university in Egypt, in partial fulfillment of the requirements for the bachelor degree in civil engineering. | ||
| 590 | _aAishaa. | ||
| 650 | 7 |
_2BUEsh _aCivil Engineering _vProjects |
|
| 653 |
_bENGCIV _cAugust2017 |
||
| 655 | _vSPRO | ||
| 700 | 1 |
_aSaleh, Hossam, _eThs. |
|
| 700 | 1 | _aFouad, Peter Fakhry. | |
| 700 | 1 | _aBaoumi, Ahmed Khalid. | |
| 942 | _2ddc | ||
| 999 |
_c25372 _d25344 |
||